All Formula 1 podiums 2010–19 - Statistics

General Stats
  • This quiz has been taken 16,761 times
    15,211 since last reset
  • The average score is 20 of 25
Answer Stats
Podiums Name Nationality % Correct
124 Lewis Hamilton UK
100%
111 Sebastian Vettel Germany
99%
44 Fernando Alonso Spain
97%
31 Max Verstappen Netherlands
97%
10 Charles Leclerc Monaco
95%
8 Sergio Pérez Mexico
95%
45 Valtteri Bottas Finland
95%
29 Daniel Ricciardo Australia
93%
55 Nico Rosberg Germany
92%
41 Kimi Räikkönen Finland
91%
1 Carlos Sainz Spain
86%
32 Mark Webber Australia
86%
1 Pierre Gasly France
85%
1 Lance Stroll Canada
84%
26 Jenson Button UK
83%
13 Felipe Massa Brazil
82%
1 Kevin Magnussen Denmark
78%
3 Robert Kubica Poland
77%
3 Daniil Kvyat Russia
74%
1 Michael Schumacher Germany
68%
1 Pastor Maldonado Venezuela
68%
10 Romain Grosjean France
60%
1 Kamui Kobayashi Japan
56%
1 Vitaly Petrov Russia
44%
1 Nick Heidfeld Germany
31%
No matching quizzes found
Score Distribution
Percent of People with Each Score
Percentile by Number Answered
Your Score History
You have not taken this quiz since the last reset